000 00823nam a22002297a 4500
005 20100804161256.0
010 _aENG-98193
020 _a8173047855
_c1295.00
035 _aEN-81726
037 _bDBAD/PUB
082 _a355.0092
100 _aNalwa, Vanit
_99313
245 _aHari Singh Nalwa 'Champion of the khalsaji' :
_b(1797-1837) /
_cby Vanit Nalwa
260 _aNew Delhi
_bManohar
_c2009
270 _a2/6 Ansari Road, Daryaganj
_bNew Delhi
_e110002
300 _axv, 367p.
_c2425cm (pbk)
650 _aBritish occupation in india
_99314
650 _aGenerals
_99315
650 _aSikhs
_99316
942 _2ddc
_cEN
_h355.0092
_mNAL
999 _c39300
_d39300